LEADER 01936nam0 22004453i 450 001 VAN0266083 005 20240110115211.352 017 70$2N$a9789401031394 100 $a20231103d1972 |0itac50 ba 101 $aeng 102 $aNL 105 $a|||| ||||| 200 1 $aForecasting Models for National Economic Planning$fA. R. G. Heesterman 205 $a2. rev. and ext. ed 210 $aDordrecht$cD. Reidel publishing company$d1972 215 $aix, 157 p.$cill.$d24 cm 410 1$1001VAN0266084$12001 $aInternational Studies in Economics and Econometrics$1210 $aDordrecht$cD. Reidel ; [poi] Springer$d1969-1998.$v2 606 $a91Bxx$xMathematical economics [MSC 2020]$3VANC024654$2MF 606 $a91-XX$xGame theory, economics, finance, and other social and behavioral sciences [MSC 2020]$3VANC025601$2MF 606 $a62P20$xApplications of statistics to economics [MSC 2020]$3VANC026444$2MF 610 $aCalculus$9KW:K 610 $aDynamics$9KW:K 610 $aEconometrics$9KW:K 610 $aEconomic growth$9KW:K 610 $aEquilibrium$9KW:K 610 $aGrowth$9KW:K 610 $aOptimization$9KW:K 610 $aProduction$9KW:K 610 $aUnemployment$9KW:K 620 $aNL$dDordrecht$3VANL000068 700 1$aHeesterman$bAart R. G.$3VANV219167$0147141 712 $aReidel $3VANV108441$4650 801 $aIT$bSOL$c20240112$gRICA 856 4 $uhttps://doi.org/10.1007/978-94-010-3139-4$zE-book ? Accesso al full-text attraverso riconoscimento IP di Ateneo, proxy e/o Shibboleth 899 $aBIBLIOTECA DEL DIPARTIMENTO DI MATEMATICA E FISICA$1IT-CE0120$2VAN08 912 $fN 912 $aVAN0266083 950 $aBIBLIOTECA DEL DIPARTIMENTO DI MATEMATICA E FISICA$d08CONS e-book 7104 $e08eMF7104 20231106 996 $aForecasting models for national economic planning$9516379 997 $aUNICAMPANIA LEADER 00980cam0 22002651 450 001 SOBE00071448 005 20240229141141.0 100 $a20220511d1946 |||||ita|0103 ba 101 $aita 102 $aIT 200 1 $aSaggio sul Leopardi$fGiuseppe De Robertis 205 $aNuova edizione accresciuta 210 $aFirenze$cVallecchi$d1946 215 $a265 p.$d19 cm 500 10$aSaggio sul Leopardi$3SOBA00024430$999092 700 1$aDe Robertis$b, Giuseppe <1888-1963>$3AF00014705$4070$0151750 801 0$aIT$bUNISOB$c20240229$gRICA 850 $aUNISOB 852 $aUNISOB$jSaggi|F$m176192 912 $aSOBE00071448 940 $aM 102 Monografia moderna SBN 941 $aM 957 $xFondo|Leopardiano$aSaggi|F$b000063$gCON$d176192$n20220509$hFondoLeopardiano$rDono$1rovito$2UNISOB$3UNISOB$420220511140205.0$520220511140237.0$6rovito$fPer le modalità di consultazione vedi home page Biblioteca link Fondi 996 $aSaggio sul Leopardi$999092 997 $aUNISOB